Entrepreneurship: (Record no. 209259)

MARC details
000 -LEADER
fixed length control field 01022nam a2200253 4500
005 - DATE AND TIME OF LATEST TRANSACTION
control field 20251128111156.0
010 ## - LCCN (DPL NO)
LC control number B-763986-993 ENG-147202 BACEN25
020 ## - INTERNATIONAL STANDARD BOOK NUMBER
Terms of availability 995.00
International Standard Book Number 9789391597504
035 ## - SYSTEM CONTROL NUMBER
System control number B-763986-993
035 ## - SYSTEM CONTROL NUMBER
System control number EN-130734
037 ## - SOURCE OF ACQUISITION
Source of stock number/acquisition Misha Books
037 ## - SOURCE OF ACQUISITION
Source of stock number/acquisition DBAD
Stock number DPL
082 D# - DEWEY DECIMAL CLASSIFICATION NUMBER
Classification number 338.04
100 ## - MAIN ENTRY--PERSONAL NAME
Personal name Rajan Singh
245 ## - TITLE STATEMENT
Title Entrepreneurship:
Remainder of title Your Guide to Business Innovation/
Statement of responsibility, etc By Rajan Singh; Aarushi Singh [and] Sanjay Kumar
250 ## - EDITION STATEMENT
Edition statement 1
260 ## - PUBLICATION, DISTRIBUTION, ETC. (IMPRINT)
Name of publisher, distributor, etc Misha Books
Place of publication, distribution, etc New Delhi
Date of publication, distribution, etc 2025
270 ## - ADDRESS
Address 2356, 2nd Floor, Hudson Line, Guru Tegbahdur Nagar,
City New Delhi
Postal code 110009
Electronic mail address mishabooks2018@gmail.com
Telephone number 9654444181
300 ## - PHYSICAL DESCRIPTION
Extent 174p.
Dimensions 24cm(hb)
700 ## - ADDED ENTRY--PERSONAL NAME
Personal name Aarushi Singh
Relator term Author
9 (RLIN) 77864
700 ## - ADDED ENTRY--PERSONAL NAME
Personal name Sanjay Kumar
Relator term Author
9 (RLIN) 77865
942 ## - ADDED ENTRY ELEMENTS (KOHA)
Source of classification or shelving scheme Dewey Decimal Classification
Item type English Books
Classification part 338.04
Call number suffix RAJ
Holdings
Withdrawn status Lost status Not for loan Collection code Home library Current library Date acquired Source of acquisition Cost, normal purchase price Full call number Barcode Copy number Cost, replacement price Koha item type
      Non-fiction Ashok Vihar Ashok Vihar 22/08/2025 Misha Books/76/19.3.25/19/15.3.25/21.3.25 995.00 338.04 RAJ B-763987 1 995.00 English Books
      Non-fiction Bawana Bawana 22/08/2025 Misha Books/76/19.3.25/19/15.3.25/21.3.25 995.00 338.04 RAJ B-763993 1 995.00 English Books
      Non-fiction Central Library Central Library 22/08/2025 Misha Books/76/19.3.25/19/15.3.25/21.3.25 995.00 338.04 RAJ B-763986 1 995.00 English Books
      Non-fiction Janak Puri Janak Puri 22/08/2025 Misha Books/76/19.3.25/19/15.3.25/21.3.25 995.00 338.04 RAJ B-763989 1 995.00 English Books
      Non-fiction Narela Narela 22/08/2025 Misha Books/76/19.3.25/19/15.3.25/21.3.25 995.00 338.04 RAJ B-763992 1 995.00 English Books
      Non-fiction Patel Nagar Patel Nagar 22/08/2025 Misha Books/76/19.3.25/19/15.3.25/21.3.25 995.00 338.04 RAJ B-763988 1 995.00 English Books
      Non-fiction Sarojini Nagar Sarojini Nagar 22/08/2025 Misha Books/76/19.3.25/19/15.3.25/21.3.25 995.00 338.04 RAJ B-763990 1 995.00 English Books
      Non-fiction Sarojini Nagar Sarojini Nagar 28/11/2025 Delivery of Books Act Division 995.00 338.04 RAJ EN-130734 1 995.00 English Books
      Non-fiction Vinoba Puri Vinoba Puri 22/08/2025 Misha Books/76/19.3.25/19/15.3.25/21.3.25 995.00 338.04 RAJ B-763991 1 995.00 English Books

© Delhi Public Library
Hit Counter
free hit counter